Examining the Connection between Economic Sectors, the Unemployment Rate and Real GDP per Capita - the Case of EU Countries
Enregistré dans:
| Auteur principal: | |
|---|---|
| Autres auteurs: | |
| Format: | Chapitre de livre |
| Langue: | anglais |
| Tags: |
Pas de tags, Soyez le premier à ajouter un tag!
|
MARC
| LEADER | 00000naa a2200000 4500 | ||
|---|---|---|---|
| 001 | 0311911 | ||
| 005 | 20250820101205.7 | ||
| 041 | 0 | |a eng | |
| 044 | |a GB | ||
| 245 | 1 | 0 | |a Examining the Connection between Economic Sectors, the Unemployment Rate and Real GDP per Capita - the Case of EU Countries |c Lea Šlampiaková, Peter Burger |
| 100 | 1 | |a Šlampiaková, Lea, 1992- | |
| 700 | 1 | |a Burger, Peter | |